| 000 | 02780nam a22003737a 4500 | ||
|---|---|---|---|
| 005 | 20110721150410.0 | ||
| 010 | _aB-427865-870 B-460947-951 | ||
| 020 |
_a9780670081714 _c599.00 |
||
| 035 | _aB-427865-870 B-460947-951 | ||
| 037 | _bBPPD/PUB | ||
| 037 | _bAllied/DE2010/CR/2777/16.3.11/280/4.3.11/30.3.11 | ||
| 037 | _bAllied Pub/Ven | ||
| 082 | _a920 | ||
| 100 |
_aBhaskaran, Gautaman _952120 |
||
| 245 |
_aA door Gopalkrishnan: _cby Gautaman Bhaskaran; foreword by adoor Gopalkrisgnan _ba life in cinema / |
||
| 260 |
_aNew Delhi _bPenguin Books _c2010 |
||
| 270 |
_a11 Community Centre, Panchsheel Park, _bNew Delh _e110017 |
||
| 300 | 2 |
_a218p. . _c22cm(Hb) _bill. |
|
| 650 |
_aNovel _9904 |
||
| 942 |
_2ddc _cEN _mBHA _h920 |
||
| 999 |
_c54182 _d54182 |
||